Manual d'utilització dels ordinadors de la xarxa
Descripción Física:
40 f. ; 29 cm
MARC
| LEADER | 00000nam a2200000Ia 4500 | ||
|---|---|---|---|
| 001 | 22778 | ||
| 008 | 160829s9999 xx 000 0 cat d | ||
| 080 | |a C-3-312 | ||
| 245 | |a Manual d'utilització dels ordinadors de la xarxa | ||
| 260 | |a Barcelona : |b Diputació de Barcelona. Servei del Medi Ambient, [199- ?] | ||
| 300 | |a 40 f. ; |c 29 cm | ||
| 650 | |a Ordinadors, Xarxes d' |x Manuals, guies, etc. |9 45410 | ||
| 710 | 1 | |a Barcelona (Catalunya : Província). |b Servei de Medi Ambient |9 53475 | |
| 901 | |a Arxiu | ||
| 942 | |n 1 | ||
| 952 | |0 0 |1 0 |4 0 |6 C3312 |7 1 |9 52578 |a Arxiu |b Arxiu |d 2016-12-01 |l 0 |o C-3-312 |p 22778 |r 2016-12-01 00:00:00 |w 2016-12-01 |y ARXIU | ||
| 999 | |c 56427 |d 56427 | ||